Sociológia

Guardado en:
Detalles Bibliográficos
Autor principal: Košta, Jozef
Autor Corporativo: Ekonomická univerzita v Bratislave. Fakulta medzinárodných vzťahov
Formato: Libro
Lenguaje:eslovaco
Publicado: Bratislava Vydavateľstvo EKONÓM 2004
Edición:3. vyd.
Materias:
Etiquetas: Agregar Etiqueta
Sin Etiquetas, Sea el primero en etiquetar este registro!

MARC

LEADER 00000nam$a2200000$$$4500
001 0006996
005 20240226122918.6
020 |a 80-225-1819-0 
041 0 |a slo 
044 |a SK 
245 1 0 |a Sociológia  |c Jozef Košta 
250 |a 3. vyd. 
264 1 |a Bratislava  |b Vydavateľstvo EKONÓM  |c 2004 
300 |a 167 s. 
610 2 0 |a kultúra 
610 2 0 |a sociológia 
610 2 0 |a stratifikácia sociálna 
610 2 0 |a spoločnosť 
610 2 0 |a rodina 
610 2 0 |a manželstvo 
610 2 0 |a socializácia 
610 2 0 |a správanie sociálne 
100 1 |a Košta, Jozef 
710 2 |a Ekonomická univerzita v Bratislave. Fakulta medzinárodných vzťahov